Quan điểm của nho giáo nguyên thủy về con người và vận dụng vào việc giáo dục nhân cách học sinh THPT hiện nay

Cơ sở hình thành của tư tưởng chính trị đạo đức của Nho giáo nguyên thủy. Phân tích, làm rõ tư tưởng cơ bản của Nho giáo nguyên thủy về vấn đề con người, về đạo làm người, trên cơ sở đó xây dựng giải pháp nhằm vận dụng tư tưởng này vào việc giáo dục và hình thành nhân cách cho học sinh THPT...

Disgrifiad llawn

Wedi'i Gadw mewn:
Manylion Llyfryddiaeth
Prif Awdur: Nguyễn Thị Trang (Tác giả)
Awduron Eraill: Trần Ngọc Ánh TS (Hướng dẫn)
Fformat: Llyfr
Iaith:Vietnamese
Cyhoeddwyd: Đà Nẵng Đại học Sư phạm, Đại học Đà Nẵng 2012
Pynciau:
Tagiau: Ychwanegu Tag
Dim Tagiau, Byddwch y cyntaf i dagio'r cofnod hwn!
Thư viện lưu trữ: Mạng thư viện Đại học Đà Nẵng
LEADER 01835nam a2200349 4500
001 000016720
003 13123
005 20121225141215.0
008 121220s2012 viesd
041 0 |a vie 
082 |a 370.114  |b NG-T 
100 0 |a Nguyễn Thị Trang  |e Tác giả 
245 0 |a Quan điểm của nho giáo nguyên thủy về con người và vận dụng vào việc giáo dục nhân cách học sinh THPT hiện nay  |c Nguyễn Thị Trang 
260 |a Đà Nẵng  |b Đại học Sư phạm, Đại học Đà Nẵng  |c 2012 
300 |a 70 tr.  |c 29 cm. 
500 |a Khóa luận tốt nghiệp đại học. Chuyên ngành: Sư phạm Giáo dục chính trị 
504 |a Mục lục đầu trang, tài liệu tham khảo tr.69 - 70 
520 |a Cơ sở hình thành của tư tưởng chính trị đạo đức của Nho giáo nguyên thủy. Phân tích, làm rõ tư tưởng cơ bản của Nho giáo nguyên thủy về vấn đề con người, về đạo làm người, trên cơ sở đó xây dựng giải pháp nhằm vận dụng tư tưởng này vào việc giáo dục và hình thành nhân cách cho học sinh THPT 
650 |a Khóa luận tốt nghiệp đại học 
650 |a Giáo dục chính trị 
653 |a Khoa Giáo dục chính trị 
700 |a Trần Ngọc Ánh  |c TS  |e Hướng dẫn 
OWN |a LSP 
AVA |a UDN50  |b LSP  |d 370.114 NG-T  |e available  |t Error 5001 Not defined in file expand_doc_bib_avail.  |f 1  |g 0  |h N  |i 0  |k 1 
999 |a From the UDN01 
AVA |a UDN50  |b LSP  |d 370.114 NG-T  |e available  |t Error 5001 Not defined in file expand_doc_bib_avail.  |f 1  |g 0  |h N  |i 0  |k 1 
TYP |a Monograph 
TYP |a Printed language 
980 |a Mạng thư viện Đại học Đà Nẵng